000 00911nam a22002777a 4500
001 BR8903461
003 BR-BrBNA
005 20230928093249.0
007 ta
008 230509b bl.||||| |||| 00| 0 por d
040 _aBR-BrBNA
_bpor
_cBiblioteca Nacional de Agricultura
041 _a(Por)
072 _aF02; F30
_b0240
090 _ 0240 BR8903461
100 1 _aResende, M.C. de
110 1 _aEscola Superior de Agricultura de Lavras, MG (Brasil)
_0Tese (Mestrado)
245 1 _aComportamento de cultivares de sorgo sacarino (Sorghum bicolor (L.)Moench)em diferentes epocas de semeadura
260 3 _aLavras, MG (Brasil):
_c1988.
300 _a105 p.
500 _aSummaries (Eng, Por); Bibliography p. 94-105 (69 ref.); 32 tables
650 _aSORGO ACUCAREIRO
650 _aEPOCA DE SEMEADURA
650 _aCOMPORTAMENTO DE VARIEDADE
909 _a202309
_bLucia
_c55
_dLucia Elande
942 _cBK
999 _c43965
_d43965